000 00925nam a2200289Ia 4500
001 Z_1742
003 CHAP
008 220113s1999 xx 000 0 und d
010 _a164834
040 _cCHAP
090 _aTesis T 1409
100 _aTlalacalco Velázquez, Valerio
_9113462
245 _aComportamiento productivo del cerdo castrado a diferentes etapas del proceso de la engorda /
_cpor Valerio Tlalacalco Velázquez y Pedro Vargas Galván
260 _aChapingo, Méx. :
_bEl autor,
_c1999
300 _a67 h.
502 _aTesis (Ing. Agr. Esp. en Zootecnia) -- UACH. Departamento de Zootecnia
650 _aCastración
_xGanado porcino
_9138904
650 _aGanado porcino
_xCastración
_945342
650 _aGanado porcino
_xEngorda
_945362
700 _aVargas Galván, Pedro
_9118012
901 _aTESIS T 1409
902 _aM
910 _a1999
942 _c2
942 _c2
999 _c164834
_d164834